[Event "Obb. Jugend-EM 2011 U12"]
[Site "Mühldorf am Inn"]
[Date "2011.03.11"]
[Round "1"]
[White "Goderbauer, Benedikt"]
[Black "Lörner, Robert"]
[Result "1-0"]
[BlackElo "940"]
[WhiteElo "1492"]

1.e4 e5 2.Nf3 Nc6 3.Bb5 a6 4.Ba4 Nf6 5.O-O d6 6.d3 Bg4 7.a3 Be7 8.Nbd2 O-O 9.h3 Bh5
10.Re1 Nd4 11.g4 Nxf3+ 12.Qxf3 Bg6 13.Nf1 h6 14.Ng3 Nh7 15.Bb3 Bg5 16.Nf5 Bxc1 17.Raxc1
Ng5 18.Qg3 Ne6 19.Rcd1 h5 20.gxh5 Bxh5 21.Bxe6 g6 22.Bb3 Bxd1 23.Qxg6+ Kh8 24.Qg7#
  1-0

[Event "Obb. Jugend-EM 2011 U12"]
[Site "Mühldorf am Inn"]
[Date "2011.03.11"]
[Round "1"]
[White "Boos, Michael"]
[Black "von Schlippe, Nikolai"]
[Result "0-1"]
[BlackElo "1291"]
[WhiteElo "903"]

1.e4 c5 2.Nc3 d6 3.Nf3 Nc6 4.Bc4 Nf6 5.O-O g6 6.d3 Bg7 7.h3 O-O 8.Be3 e6 9.Qd2 d5
10.exd5 exd5 11.Bb3 d4 12.Bf4 dxc3 13.bxc3 Nd5 14.Bxd5 Qxd5 15.Rfe1 Bxh3 16.c4 Qd7
17.gxh3 Bxa1 18.Rxa1 Qxh3 19.Nh2 Nd4 20.Rb1 Qxh2+ 21.Kxh2 Nf3+ 22.Kg2 Nxd2 23.Bxd2
b6 24.Re1 Rfe8 25.Rh1 Re2 26.Be3 Rxc2 27.a3 Re8 28.Rh3 Rd8 29.Bg5 Rd4 30.Re3 Rg4+
31.Rg3 Rxg3+ 32.Kxg3 Rc3 33.Kh4 Rxd3 34.a4 Rd4+ 35.Kh3 Rxc4 36.f4 Rxa4 37.Kg4 Kg7
38.Bd8 f5+ 39.Kg3 Ra3+ 40.Kf2 Rd3 41.Bc7 c4 42.Be5+ Kf7 43.Ke2 Rd5 44.Bc3 h5 45.Be1
a5 46.Bf2 b5 47.Bb6 a4 48.Ba5 a3 49.Bc3 a2 50.Bb2 b4 51.Ke1 c3 52.Ba1 c2 53.Bb2 Rd1+
54.Ke2 Rb1 55.Be5 c1=Q 56.Kf3 Rb3+ 57.Kg2 Qd2+ 58.Kf1 Rf3+ 59.Kg1 Qe2 60.Bd4 Rf1#
  0-1

[Event "Obb. Jugend-EM 2011 U12"]
[Site "Mühldorf am Inn"]
[Date "2011.03.11"]
[Round "1"]
[White "Schüller, Mark"]
[Black "Joebges, Nico"]
[Result "0-1"]
[BlackElo "833"]
[WhiteElo "1043"]

1.e4 e5 2.Nf3 Nc6 3.Bc4 Nf6 4.Ng5 d5 5.exd5 Nxd5 6.Nxf7 Kxf7 7.Qf3+ Ke8 8.Bxd5 Qf6
9.Bxc6+ bxc6 10.Qxf6 gxf6 11.O-O Rg8 12.Nc3 Bh3 13.Re1 Rxg2+ 14.Kh1 Rxf2 15.Ne4 Rg2
16.Nxf6+ Kf7 17.Ne4 Be7 18.Ng3 Bh4 19.Rf1+ Ke6 20.Rf3 Rg8 21.d3 Bxg3 $2 (21...Rxc2)
22.hxg3 R8xg3 23.Rxg3 Rxg3 24.Kh2 Rf3 25.Bd2 Rf2+ 26.Kxh3 Rxd2 27.Rc1 Kf5 28.Rf1+
Kg6 29.Rg1+ Kh5 30.Rc1 Re2 31.b3 Re3+ 32.Kg2 Kg4 33.Kf2 Kf4 34.Rd1 e4 35.dxe4 Rxe4
36.Rd3 Re5 37.Rc3 h5 38.Rxc6 Ra5 39.a4 h4 40.Kg2 Rg5+ 41.Kh3 Rg7 42.Kxh4 $4 Rh7+  
0-1

[Event "Obb. Jugend-EM 2011 U12"]
[Site "Mühldorf am Inn"]
[Date "2011.03.11"]
[Round "1"]
[White "Czychon, Simon"]
[Black "Schumann, Oliver"]
[Result "1/2-1/2"]
[BlackElo "1037"]
[WhiteElo "831"]

1.e4 e5 2.Nf3 Nc6 3.Bb5 a6 4.Bxc6 dxc6 5.O-O Bd6 6.d3 Nf6 7.Nc3 Bg4 8.h3 Bh5 9.Bg5
O-O 10.a3 h6 11.Bh4 Qe7 12.Qe2 Rad8 13.b4 Rfe8 14.Rfd1 b6 15.d4 exd4 16.Nxd4 Ra8 $4
17.f3 $2 (17.Bxf6 Bxe2 18.Bxe7 Bxd1 19.Bxd6 Bxc2 20.Bxc7 Bxe4 21.Bxb6) 17...Be5 18.Nxc6
Qe6 19.Nxe5 Qxe5 20.Rd3 Rad8 21.Rxd8 Rxd8 22.Qe1 Rd6 23.Bg3 Qd4+ 24.Kh1 Rc6 25.Nd5
Nxd5 26.exd5 Qxd5 27.Rd1 Qf5 28.Qe8+ Kh7 29.Qxc6 a5 30.bxa5 Qxa5 31.a4 Bg6 32.Rd5
Qb4 33.Rd1 Qb2 34.Rd2 $4 Qc1+ 35.Kh2 Qxd2 36.Qxc7 Bxc2 37.Qxf7 Qd4 38.Qf4 Qxf4 39.Bxf4
Kg6 40.g4 $2 (40.Bc7 Bxa4 41.Bxb6) 40...Bxa4 41.h4 Bd1 42.h5+ Kf6 43.Kg3 b5 44.Bd2
Ke5 $2 45.f4+ $2 (45.Bc3+ Kd5 46.Bxg7 b4 47.Bxh6 b3 48.Bg7) 45...Kf6 46.Bc3+ Kf7 47.Kh4
Kg8 48.g5 hxg5+ 49.fxg5 Kh7 50.g6+ Kg8 51.Kg5 Be2 52.h6 gxh6+ 53.Kxh6 Bd3 54.g7 Bc4
55.Kg6 Bd3+ 56.Kf6 Bc4 57.Ke7 Bd3 58.Ke8 Bc4 59.Ke7 Bd3   1/2-1/2

[Event "Obb. Jugend-EM 2011 U12"]
[Site "Mühldorf am Inn"]
[Date "2011.03.11"]
[Round "1"]
[White "von Schlippe, Wassily"]
[Black "Schmitz, Henning"]
[Result "0-1"]
[BlackElo "801"]
[WhiteElo "1011"]

1.e4 e5 2.Nf3 Nf6 3.Nxe5 d6 4.Nf3 Nxe4 5.d3 Nf6 6.Be2 Nc6 7.O-O d5 8.Bg5 Bd6 9.d4
h6 10.Be3 O-O 11.Nc3 Re8 12.Qd2 Ne4 13.Nxe4 Rxe4 14.Bd3 Re6 15.Rfe1 Bb4 16.c3 Bd6
17.Qc2 Qf6 18.Re2 Bf4 $2 19.Bf5 Rd6 20.Bxf4 Bxf5 21.Qb3 Re6 22.Rxe6 Bxe6 23.Bxc7 Qe7
24.Qxb7 Rc8 25.Qxc6 Rxc7 26.Qa4 Qd7 27.Qxd7 Rxd7 28.Re1 Rb7 29.Rb1 Kh7 30.Kf1 Rb6
31.Ke2 Kg6 32.Ne5+ Kf6 33.Ke3 Ke7 34.Kf4 Bc8 35.Re1 Be6 36.Nd3 g5+ 37.Ke5 $4 f6#  
0-1

[Event "Obb. Jugend-EM 2011 U12"]
[Site "Mühldorf am Inn"]
[Date "2011.03.11"]
[Round "1"]
[White "Biebl, Jonas"]
[Black "Hacker, Zeno"]
[Result "1-0"]
[BlackElo "990"]
[WhiteElo "759"]

1.e4 e5 2.Nf3 Nc6 3.Bb5 Nf6 4.Bxc6 dxc6 5.d3 Bg4 6.h3 Bh5 7.g4 Bg6 8.Nxe5 Qe7 9.Nxg6
fxg6 10.a3 O-O-O 11.Nc3 h5 12.g5 Nh7 13.h4 Qf7 14.Be3 b6 15.Qe2 Bd6 16.d4 b5 17.e5
Be7 18.f4 Qe6 19.Qf3 a6 20.b3 a5 21.Ne4 Qd5 22.Rh3 b4 23.a4 Nf8 24.Nc5 Qxf3 25.Rxf3
Bxc5 26.dxc5 Ne6 27.Rd1 Rxd1+ 28.Kxd1 Rd8+ 29.Ke2 Rd4 30.Bxd4 Nxd4+ 31.Ke3 Nxf3 32.Kxf3
Kd8 33.Ke4 Ke8 34.e6 Ke7 35.Ke5 Ke8 36.f5 Ke7 37.fxg6 $2 (37.f6+ Ke8 38.e7 Kf7 39.fxg7)
37...Ke8 38.Kd4 $1 Ke7 39.c3 $1 bxc3 40.Kxc3 Kxe6 41.b4 axb4+ 42.Kxb4 Kd7 43.Ka5 $2 (43.Kc4
Kc8 44.Kd4 Kb7 45.Ke5 Ka6 46.Ke6 Ka5 47.Kd7 Kxa4 48.Kxc6 Kb4 49.Kxc7 Kxc5 50.Kd7
Kd5 51.Ke7 Ke5 52.Kf7 Kf5 53.Kxg7 Kg4 54.Kh6 Kxh4 55.g7 Kg4 56.g8=Q) 43...Kc8 44.Kb4
Kb7 45.Kc4 Ka6 46.Kd4 Ka5 47.Ke5 Kxa4 48.Ke6 Kb5 49.Kf7 Kxc5 50.Kxg7 Kb4 51.Kf6 c5
52.g7 c4 53.g8=Q c3 54.Qf8+ Kb3 55.g6 c2 56.Qc5 Kb2 57.Qxc7 c1=Q 58.Qxc1+ Kxc1 59.g7
Kc2 60.g8=Q   1-0

[Event "Obb. Jugend-EM 2011 U12"]
[Site "Mühldorf am Inn"]
[Date "2011.03.12"]
[Round "2"]
[White "Joebges, Nico"]
[Black "Goderbauer, Benedikt"]
[Result "0-1"]
[BlackElo "1492"]
[WhiteElo "833"]

1.e4 g6 2.d4 d6 3.Nf3 Bg7 4.Nc3 e6 5.Bg5 Ne7 6.Bc4 Nd7 7.O-O b6 8.Bb5 Bb7 9.Re1 O-O
10.a3 a6 11.Bc4 h6 12.Bf4 Nf6 13.b4 g5 14.Nxg5 hxg5 15.Bxg5 Nh7 16.Bh4 Qe8 17.e5
Ng6 18.Bg3 dxe5 19.dxe5 Qe7 20.Bd3 Rad8 21.b5 a5 22.a4 Qg5 23.h4 Nxh4 24.Bxh4 Qxg2#
  0-1

[Event "Obb. Jugend-EM 2011 U12"]
[Site "Mühldorf am Inn"]
[Date "2011.03.12"]
[Round "2"]
[White "von Schlippe, Nikolai"]
[Black "Bieble, Jonas"]
[Result "1-0"]
[BlackElo "759"]
[WhiteElo "1291"]

1.e4 e5 2.Nf3 Nc6 3.Nc3 Nf6 4.Bb5 d6 5.d4 Qe7 6.d5 Bd7 7.dxc6 bxc6 8.Bc4 g6 9.Bg5
Bg7 10.Qd2 h6 11.Be3 g5 12.h4 g4 13.Ng1 Be6 14.Bxe6 Qxe6 15.Nge2 d5 16.exd5 cxd5
17.Nb5 Qc6 18.Qa5 O-O 19.Qa4 d4 20.Bd2 Rab8 21.Nbc3 Qxg2 22.Rg1 Qb7 23.Nd1 Rfd8 24.Ng3
Ne4 25.Nf5 Kh7 26.Rxg4 Rg8 27.Qc4 Nxd2 28.Kxd2 Qf3 29.Rxg7+ Rxg7 30.Nxg7 Kxg7 31.Qxc7
Qf4+ 32.Ke1 Qe4+ 33.Ne3 Qh1+ 34.Ke2 Qxa1 35.Qxe5+ f6 36.Qc7+ Kg6 37.Qxb8 dxe3 38.Qg3+
Kf7 39.Qxe3 Qxa2 40.Qxh6 Qc4+ 41.Ke1 Qxc2 42.Qh5+ Ke6 43.Qe2+ Kf5 $4 44.Qxc2+ Kg4 45.Qa4+
Kh3 46.f3 a5 47.Qg4+ Kh2 48.Kf2 Kh1 49.Qg2#   1-0

[Event "Obb. Jugend-EM 2011 U12"]
[Site "Mühldorf am Inn"]
[Date "2011.03.11"]
[Round "2"]
[White "Schmitz, Henning"]
[Black "Müller, Fabian"]
[Result "0-1"]
[BlackElo "964"]
[WhiteElo "801"]

1.e4 e5 2.Nf3 Nc6 3.Bb5 Nf6 4.Nc3 Bb4 5.Nd5 Nxd5 6.exd5 Nd4 7.c3 Nxf3+ 8.Qxf3 Ba5
9.O-O a6 10.Bc4 O-O 11.Re1 d6 12.d4 Re8 13.Qe4 Qf6 14.Bd3 g6 15.Bh6 Bf5 16.Qf3 exd4
17.Rxe8+ Rxe8 18.Bxf5 Qxf5 19.h3 Qxf3 20.gxf3 dxc3 21.bxc3 Bxc3 22.Rc1 Ba5 23.Rc2
f6 24.Kf1 g5 25.f4 Kf7 26.fxg5 Kg6 27.gxf6 Kxh6 28.Re2 Rxe2 29.Kxe2 Kg6 30.f7 Kxf7
31.Ke3 Bb6+ 32.Kf3 c5 33.dxc6 bxc6 34.Kg3 c5 35.f4 c4 36.f5 c3 37.Kg4 c2 38.Kg5 c1=Q+
39.Kg4 Qc4+ 40.Kg3 Qxa2 41.Kh4 Qg2 42.f6 Qxh3+ 43.Kxh3 Kxf6 44.Kg3 a5 45.Kf3 a4 46.Ke4
Be3 47.Kxe3 a3 48.Kd3 a2 49.Ke3 a1=Q 50.Kf3 Qd4 51.Ke2 Qc3 52.Kd1 Qb2 53.Ke1 Ke5
54.Kd1 Kd4 55.Ke1 Ke3 56.Kf1 Qf2#   0-1

[Event "Obb. Jugend-EM 2011 U12"]
[Site "Mühldorf am Inn"]
[Date "2011.03.12"]
[Round "2"]
[White "Schumann, Oliver"]
[Black "Schüller, Mark"]
[Result "1-0"]
[BlackElo "1043"]
[WhiteElo "1037"]

1.e4 Nf6 2.Nc3 e5 3.Nf3 d6 4.d4 Nbd7 5.Bc4 c6 6.Bg5 Be7 7.O-O Qc7 8.Qd2 O-O 9.Rad1
b5 10.Bb3 Re8 11.Rfe1 b4 12.Na4 Rb8 13.c3 bxc3 14.Nxc3 Bb7 15.Qd3 exd4 16.Nxd4 Nc5
17.Qf3 Nxb3 18.Nxb3 d5 19.exd5 cxd5 20.Qd3 Rbd8 21.Be3 a6 22.Rc1 Qd7 23.Red1 Qg4
24.f3 Qg6 25.Qd4 Bd6 26.Bf4 Bxf4 27.Qxf4 Nh5 28.Qd2 d4 29.Ne4 f5 30.Ng3 Nxg3 31.hxg3
Qxg3 32.Qf2 Qg6 33.Nxd4 Kh8 34.Nb3 Qf6 35.Nc5 Bd5 36.b3 g5 37.Rd4 Rg8 38.Rcd1 Bc6
39.Nxa6 Rxd4 40.Rxd4 Bxf3 41.gxf3 Qxa6 42.Rd5 Qg6 43.Qd4+ Qg7 44.Qxg7+ Rxg7 45.Rxf5
h5 46.Kg2 Kh7 47.Kh3 g4+ 48.fxg4 hxg4+ 49.Kg3 Kh6 50.b4 Ra7 51.Kxg4 Rxa2 52.Rb5 Rb2
53.Kf5 Kg7 54.Ke6 Kf8 55.Kd7 Kf7 56.Rb6 Rb3 57.b5 Rd3+ 58.Rd6 Rb3 59.b6   1-0

[Event "Obb. Jugend-EM 2011 U12"]
[Site "Mühldorf am Inn"]
[Date "2011.03.12"]
[Round "2"]
[White "Hacker, Zeno"]
[Black "Czychon, Simon"]
[Result "1-0"]
[BlackElo "831"]
[WhiteElo "990"]

1.e4 e5 2.Nf3 Nc6 3.Nc3 Nf6 4.Bc4 Bb4 5.O-O Bxc3 6.bxc3 O-O 7.Ba3 d6 8.Qe2 Bg4 9.Qe3
h6 10.d4 exd4 11.cxd4 Re8 12.e5 dxe5 13.dxe5 Na5 14.Bb3 Nd5 15.Qd2 Nxb3 16.axb3 Bxf3
17.gxf3 Rxe5 18.f4 Rh5 19.Rfc1 Qh4 20.f3 Nxf4 21.Be7 Qxe7 22.Qxf4 g5 23.Re1 $4 Qc5+ $4
(23...Qxe1+ 24.Rxe1 gxf4) 24.Qe3 Qxc2 25.Re2 Qc6 26.Rc1 Qa6 27.Rxc7 Qb6 28.Qxb6 axb6
29.Rxb7 Ra1+ 30.Kg2 g4 31.Re8+ Kg7 32.Re3 gxf3+ 33.Rxf3 Rg5+ 34.Rg3 Rxg3+ 35.hxg3
Ra2+ 36.Kh3 Ra5 37.Rxb6 Rh5+ 38.Kg2 f6 39.b4 Rg5 40.b5 f5 41.Rb7+ Kg6 42.Rc7 f4 43.b6
Rxg3+ 44.Kf2 Rb3 45.b7 Rb2+ 46.Kf3 Rb3+ 47.Kxf4 Rb4+ 48.Ke3 Rb3+ 49.Kd4 Kf6 50.Kd5
Rd3+ 51.Kc4 Rd8 52.Rc8 Rxc8+ 53.bxc8=Q Kg5 54.Qc5+ Kg4 55.Kd4 h5 56.Qc8+ Kg3 57.Qg8+
Kf2 58.Qg5 Ke2 59.Qxh5+ Kd2 60.Qf3 Kc2 61.Qc3+ Kd1 62.Qb2 Ke1 63.Kd3 Kf1 64.Ke3 Kg1
65.Kf3 Kh1 66.Kg3 Kg1 67.Qc1#   1-0

[Event "Obb. Jugend-EM 2011 U12"]
[Site "Mühldorf am Inn"]
[Date "2011.03.12"]
[Round "2"]
[White "Lörner, Robert"]
[Black "Boos, Michael"]
[Result "0-1"]
[BlackElo "903"]
[WhiteElo "940"]

1.e4 e5 2.Nf3 Nc6 3.d4 exd4 4.Nxd4 Bc5 5.Be3 Qe7 6.Nxc6 bxc6 7.Bxc5 Qxc5 8.Bd3 Nf6
9.Nc3 O-O 10.O-O d6 11.h3 Qg5 12.Qf3 Re8 13.Rfe1 Bd7 14.Rad1 Rab8 15.Bc4 Kf8 16.Na4
c5 17.Nxc5 Qxc5 18.b3 Rbd8 19.c3 Re7 20.e5 dxe5 21.Re2 Rde8 22.Red2 Bc6 23.Qf5 Be4
24.Qg5 Bg6 25.Rd8 Ne4 26.Rxe8+ Kxe8 27.Qg4 f5 28.Qf3 a5 29.Qd3 Qxf2+ 30.Kh1 Nd6 31.Qd5
Qb6 32.a4 Nxc4 33.Qd8+ Kf7 34.Qd5+ Qe6 35.Qxc4 Qxc4 36.bxc4 e4 37.Rd2 Bh5 38.Rc2
Rd7 39.Kg1 e3 40.Kf1 Rd1#   0-1

[Event "Obb. Jugend-EM 2011 U12"]
[Site "Mühldorf am Inn"]
[Date "2011.03.12"]
[Round "3"]
[White "Goderbauer, Benedikt"]
[Black "von Schlippe, Nikolai"]
[Result "1-0"]
[BlackElo "1291"]
[WhiteElo "1492"]

1.e4 c5 2.Nc3 d6 3.f4 Nf6 4.Nf3 Nc6 5.Bb5 Bd7 6.Bxc6 Bxc6 7.d3 g6 8.O-O Bg7 9.Qe1
Qb6 10.Kh1 O-O 11.Qh4 Rfe8 12.Ng5 h6 13.Nh3 Bd7 14.f5 g5 15.Qg3 e6 16.fxe6 fxe6 17.Rb1
Kf7 18.e5 dxe5 19.Ne4 Ke7 20.Nhxg5 Nxe4 21.Nxe4 Kd8 22.Qxg7 Bc6 23.Qf6+ Kd7 24.Qxe5
Bxe4 25.Qxe4 Rf8 26.Rxf8 Rxf8 27.Be3 Kc8 28.Qc4 Kb8 29.Bxc5 Qxb2 30.Rxb2 Rf1+ 31.Bg1
  1-0

[Event "Obb. Jugend-EM 2011 U12"]
[Site "Mühldorf am Inn"]
[Date "2011.03.12"]
[Round "3"]
[White "Müller, Fabian"]
[Black "Schumann, Oliver"]
[Result "1/2-1/2"]
[BlackElo "1037"]
[WhiteElo "964"]

1.e4 e5 2.Nf3 Nc6 3.Bc4 Be7 4.O-O Nf6 5.Nc3 d6 6.h3 O-O 7.d3 a6 8.a3 b5 9.Ba2 Bb7
10.Nh2 Nd4 11.f4 Qd7 12.fxe5 dxe5 13.Ng4 Nxg4 14.hxg4 Bc5 15.Kh1 Qe7 16.g5 Kh8 17.b4
Bb6 18.Nd5 Bxd5 19.Bxd5 Rac8 20.c3 Ne6 21.Bxe6 Qxe6 22.Qh5 Rcd8 23.Rf3 Qd6 24.Bb2
Qg6 25.Qh4 Rd6 26.c4 f6 27.gxf6 Rdxf6 28.Bxe5 Rxf3 29.gxf3 Qe6 30.Bc3 bxc4 31.dxc4
Qxc4 32.Qe7 Rg8 33.Be5 a5 34.bxa5 Bxa5 35.Rg1 Bc3   1/2-1/2

[Event "Obb. Jugend-EM 2011 U12"]
[Site "Mühldorf am Inn"]
[Date "2011.03.12"]
[Round "3"]
[White "von Schlippe, Wassily"]
[Black "Joebges, Nico"]
[Result "1-0"]
[BlackElo "833"]
[WhiteElo "1011"]

1.e4 e5 2.Nf3 Nc6 3.Bb5 a6 4.Ba4 b5 5.Bb3 Nf6 6.O-O Bc5 7.Re1 O-O 8.c3 d6 9.h3 h6
10.d4 exd4 11.cxd4 Bb4 12.Bd2 Bxd2 13.Qxd2 Re8 14.Nc3 b4 15.Nd5 Nxe4 16.Qf4 f5 17.Nxc7+
Kh8 18.Nxe8 Qxe8 19.Bd5 g5 20.Qe3   1-0

[Event "Obb. Jugend-EM 2011 U12"]
[Site "Mühldorf am Inn"]
[Date "2011.03.12"]
[Round "3"]
[White "Boos, Michael"]
[Black "Hacker, Zeno"]
[Result "1-0"]
[BlackElo "990"]
[WhiteElo "903"]

1.e4 e5 2.Nf3 Nc6 3.Nc3 Nf6 4.Bc4 h6 5.O-O Be7 6.d3 O-O 7.Bd2 d6 8.h3 Bd7 9.Qe2 Nd4
10.Qd1 Nxf3+ 11.Qxf3 a6 12.Qg3 Nh5 13.Qf3 Bg5 14.Be3 Bxe3 15.fxe3 Nf6 16.d4 b5 17.Bd3
b4 18.Nd5 Nxd5 19.exd5 exd4 20.exd4 Bb5 21.c4 Bd7 22.Rae1 Re8 23.Qxf7+ Kh8 24.Qg6
Bf5 25.Bxf5   1-0

[Event "Obb. Jugend-EM 2011 U12"]
[Site "Mühldorf am Inn"]
[Date "2011.03.12"]
[Round "3"]
[White "Biebl, Jonas"]
[Black "Schmitz, Henning"]
[Result "0-1"]
[BlackElo "801"]
[WhiteElo "759"]

1.e4 e5 2.Nf3 Nf6 3.d3 Nc6 4.Nc3 d6 5.Be2 g6 6.b3 Bg7 7.Bb2 O-O 8.O-O Re8 9.h3 a6
10.a3 Nd4 11.Nxd4 exd4 12.Nd5 Nxd5 13.exd5 Qg5 14.Bf3 Bxh3 15.Bc1 Qf5 16.gxh3 Qxh3
17.Bg2 Qh4 18.Re1 Be5 19.Kf1 Bh2 20.Rxe8+ Rxe8 21.Bd2 Re5 22.Qf3 Rf5 23.Qe2 Bg3 24.Be1
Bh2 25.b4 Kg7 26.a4 g5 27.b5 g4 28.bxa6 bxa6 29.Rb1 g3 30.f3 Re5 31.Qd2 Rf5 32.Qe2
Rxd5 33.Ba5 Rxa5 34.Ra1 Re5 35.Qd2 Re3 36.Qd1 c5 37.Rb1 Qe7 38.Rb6 c4 39.Rxa6 cxd3
40.cxd3 Qb7 41.Rxd6 Qb2 42.Qe1 Rxe1+ 43.Kxe1 Qb4+ 44.Ke2 Qxd6 45.a5 Qe6+ 46.Kd2 Qa2+
47.Kd1 Qxa5 48.Kc1 Qa2 49.Kd1 Qxg2 50.Ke1 Qf2+ 51.Kd1 g2 52.Kc1 g1=Q#   0-1

[Event "Obb. Jugend-EM 2011 U12"]
[Site "Mühldorf am Inn"]
[Date "2011.03.12"]
[Round "3"]
[White "Czychon, Simon"]
[Black "Lörner, Robert"]
[Result "0-1"]
[BlackElo "940"]
[WhiteElo "831"]

1.e4 e5 2.Nf3 Nc6 3.Bb5 a6 4.Ba4 b5 5.Bb3 Bc5 6.O-O Nf6 7.Nc3 O-O 8.d3 h6 9.h3 Nh5
10.a3 Ng3 11.Re1 d6 12.Nd5 Nh5 13.c3 Nf6 14.Nxf6+ Qxf6 15.d4 exd4 16.cxd4 Nxd4 17.Nxd4
Bxd4 18.Be3 Bxb2 19.Ra2 Be5 20.Qd5 Be6 21.Qc6 Bxb3 22.Raa1 Bxa1 23.Qxc7 Bd4 24.Qc1
Rac8 25.Qb1 Bxe3 26.fxe3 Bc2 27.Qb4 Bxe4 28.Qxe4 Rfe8 29.Qb7 d5 30.Qxd5 Rc3 31.e4
Rc2 32.Rf1 Qg6 33.g4 Qxe4 34.Qxe4 Rxe4 35.h4 Rxg4+ 36.Kh1 Rxh4+ 37.Kg1 Rhh2 38.Rxf7
Kxf7 39.a4 bxa4 40.Kf1 Rh1#   0-1

[Event "Obb. Jugend-EM 2011 U12"]
[Site "Mühldorf am Inn"]
[Date "2011.03.13"]
[Round "4"]
[White "Müller, Fabian"]
[Black "Goderbauer, Benedikt"]
[Result "0-1"]
[BlackElo "1492"]
[WhiteElo "964"]

1.e4 g6 2.Nc3 d6 3.Bc4 Bg7 4.d4 e6 5.Nf3 Ne7 6.Bg5 Nd7 7.Qe2 O-O 8.O-O-O c6 9.Bb3
b5 10.a3 a5 11.Qe1 h6 12.Bh4 Re8 13.h3 Qb6 14.Bg3 c5 15.dxc5 dxc5 16.Rd6 Qb7 17.Qe2
b4 18.Nb1 bxa3 19.Nxa3 a4 20.Bc4 Qxb2+ 21.Kd2 Bc3+ 22.Ke3 Qxa3 23.Rd3 Nf5+ 24.Kf4
e5+ 25.Kg4 Nf6#   0-1

[Event "Obb. Jugend-EM 2011 U12"]
[Site "Mühldorf am Inn"]
[Date "2011.03.13"]
[Round "4"]
[White "von Schlippe, Nikolai"]
[Black "von Schlippe, Wassily"]
[Result "1-0"]
[BlackElo "1011"]
[WhiteElo "1291"]

1.e4 e5 2.Nf3 Nf6 3.Nc3 Nc6 4.Bb5 Nd4 5.Nxe5 Qe7 6.Nf3 Nxe4 7.O-O Nxc3 8.dxc3 Ne6
9.Re1 Qf6 10.Bg5 Qg6 11.Qd2 f6 12.Rxe6+ Kf7 13.Ne5+   1-0

[Event "Obb. Jugend-EM 2011 U12"]
[Site "Mühldorf am Inn"]
[Date "2011.03.13"]
[Round "4"]
[White "Schumann, Oliver"]
[Black "Boos, Michael"]
[Result "1-0"]
[BlackElo "903"]
[WhiteElo "1037"]

1.e4 e5 2.Nf3 Nc6 3.d4 exd4 4.Nxd4 Bc5 5.Be3 Qe7 6.Nd2 Bxd4 7.Bxd4 Nxd4 8.Bc4 Nc6
9.O-O Nf6 10.Re1 O-O 11.Qf3 d6 12.h3 Ne5 13.Qc3 Nxc4 14.Qxc4 Be6 15.Qc3 Qd7 16.Rad1
Rfe8 17.Nc4 Rad8 18.Qd3 Qc6 19.Nd2 Bxa2 20.b3 Qc5 21.Ra1 Re7 22.Rxa2 Rde8 23.c4 c6
24.Raa1 Nd7 25.Qf3 d5 26.cxd5 cxd5 27.Qf4 Qd4 28.Rad1 Qb4 29.Qg3 dxe4 30.Nc4 Nf6
31.Ne3 Qc5 32.Rc1 Qh5 33.Rc7 Qa5 34.Rec1 Rxc7 35.Rxc7 Qe1+ 36.Kh2 g6 37.Qf4 Kg7 38.g4
h6 39.Nd5 Re6 40.h4 Qa5 41.Ne3 Qe5 42.Qxe5 Rxe5 43.Rxb7 a5 44.b4 axb4 45.Rxb4 h5
46.g5 Ng4+ 47.Nxg4 hxg4 48.Kg3 f5 49.gxf6+ Kxf6 50.Kxg4 Ke6 51.Kf4 Rh5 52.Rxe4+ Kd6
53.Kg4 Kd5 54.Ra4 Rf5 55.Ra5+ Ke4 56.Rxf5 gxf5+ 57.Kg3 f4+ 58.Kg2 Kf5 59.Kf3 Ke5
60.h5 Kf5 61.h6 Kg6 62.h7 Kxh7 63.Kxf4 Kg6 64.Ke5 Kg5 65.f4+ Kg6 66.Ke6 Kg7 67.f5
Kg8 68.Ke7 Kg7 69.f6+ Kg8 70.f7+ Kh8 71.f8=Q+ Kh7 72.Qf1 Kg7 73.Qg1+ Kh8 74.Kf7 Kh7
75.Qg7#   1-0

[Event "Obb. Jugend-EM 2011 U12"]
[Site "Mühldorf am Inn"]
[Date "2011.03.13"]
[Round "4"]
[White "Schmitz, Henning"]
[Black "Joebges, Nico"]
[Result "1-0"]
[BlackElo "833"]
[WhiteElo "801"]

1.e4 e5 2.Nf3 Nc6 3.Bb5 a6 4.Bxc6 dxc6 5.d4 exd4 6.Qxd4 Qxd4 7.Nxd4 Nf6 8.e5 Ne4 9.Bf4
Bc5 10.c3 O-O 11.Nd2 Nxd2 12.Bxd2 Rd8 13.Be3 Be6 $4 14.O-O $2 (14.Nxe6 $1 Bxe3 15.Nxd8
Bxf2+ 16.Kxf2 Rxd8 17.Rad1) 14...Rd5 15.Nxe6 Bxe3 $2 (15...fxe6 $1 16.Bxc5 Rxc5 17.f4
Rd5) 16.Nxc7 Bc5 17.Nxa8 Rd8 18.Nc7 Bb6 19.Nxa6 bxa6 20.Rfe1 Rd2 21.Kh1 Bxf2 22.Red1
Be3 23.Rxd2 Bxd2 24.Rd1 Bg5 25.Rd6 Kf8 26.Rxc6 Ke7 27.Rxa6 Bf4 28.b4 Bxe5 29.c4 Kd7
30.Ra7+ Kc6 31.b5+ Kb6 32.Rxf7 Kc5 33.Rf5 Kd6 34.c5+ Ke6 35.Rh5 h6 36.c6 Kd6 37.b6
Kxc6 38.Rxe5 Kxb6 39.Re7 g5 40.Re6+ Kc5 41.Rxh6 Kb4 42.Rh3 g4 43.Rg3   1-0

[Event "Obb. Jugend-EM 2011 U12"]
[Site "Mühldorf am Inn"]
[Date "2011.03.13"]
[Round "4"]
[White "Hacker, Zeno"]
[Black "Schüller, Mark"]
[Result "1/2-1/2"]
[BlackElo "1043"]
[WhiteElo "990"]

1.e4 Nf6 2.Nc3 e5 3.Nf3 d6 4.h3 Nbd7 5.Bc4 c6 6.Ng5 Qc7 7.Bxf7+ Ke7 8.Bb3 Nb6 9.d3
d5 10.O-O h6 11.Nf3 Rg8 12.d4 exd4 13.Qxd4 Be6 14.Ne5 Rd8 15.Ng6+ Kd7 16.Bf4 Bd6
17.e5 c5 18.exd6 cxd4 19.dxc7 Rde8 20.Nb5 a6 21.Na7 Nh5 22.Be5 Bf5 23.Bxd4 Kxc7 24.Be5+
Kd8 25.Nf4 Nxf4 26.Bxf4 g5 27.Be3 Nd7 28.Bxd5 g4 29.Bxg8 Rxg8 30.hxg4 Bxg4 31.Bxh6
Bf3 32.Kh2 Rxg2+ 33.Kh3 Rg6 34.Bf4 Bg2+ 35.Kh2 Bxf1 36.Rxf1 Rb6 37.Bg5+ Kc7 38.b3
Kb8 39.Be3 Rf6 40.c4 Ne5 41.Bf4 Rxf4 42.Kg3 Rd4 43.f4 Rd3+ 44.Kh4 Rd4 45.Kg5 Nf7+
46.Kg6 Rd7 47.f5 Kc7 48.f6 Kd6 49.Rd1+ Ke6 50.Rxd7 Ne5+ 51.Kg7 Nxd7 52.Nc8 Ne5 53.Ne7
Nd7 54.Ng6 Nxf6 55.Nf4+ Ke7 56.Nd5+ Nxd5 57.cxd5 Kd6 58.Kf6 Kxd5 59.Kf5 b5 60.Kf6
a5 61.Ke7 Kc6 62.Ke6 Kc5 63.a4 bxa4 64.bxa4 Kb4 65.Kd5 Kxa4 66.Kc4   1/2-1/2

[Event "Obb. Jugend-EM 2011 U12"]
[Site "Mühldorf am Inn"]
[Date "2011.03.13"]
[Round "4"]
[White "Lörner, Robert"]
[Black "Biebl, Jonas"]
[Result "1-0"]
[BlackElo "759"]
[WhiteElo "940"]

1.e4 e5 2.Nf3 Nc6 3.d4 exd4 4.Nxd4 Bc5 5.Be3 Qf6 6.c3 d6 7.h3 Bd7 8.Bb5 Nge7 9.O-O
a6 10.Ba4 h6 11.Qd2 b5 12.Bb3 O-O 13.Nf3 Rfe8 14.Bxc5 dxc5 15.Qxd7 c4 16.Bc2 Rac8
17.Qd1 b4 18.Re1 Red8 19.Qe2 Na5 20.Nfd2 bxc3 21.Nxc3 Qf4 22.Nxc4 Nxc4 23.Qxc4 Rd2
24.Re2 Rcd8 25.Rae1 Ng6 26.Rxd2 Qxd2 27.Rd1 Qxc2 28.Rxd8+ Kh7 29.Qxf7 Nh4 30.Rg8
Qc1+ 31.Kh2 Qg5 32.g3 Nf3+ 33.Kg2 Nh4+ 34.Kh2 Nf3+ 35.Kh1 Qc1+ 36.Kg2 Ne1+ 37.Kf1
Nf3+ 38.Ke2 Qd2+ 39.Kxf3 Qg5 40.Qe8 Qf6+ 41.Kg2 Qd4 42.Rh8#   1-0

[Event "Obb. Jugend-EM 2011 U12"]
[Site "Mühldorf am Inn"]
[Date "2011.03.13"]
[Round "5"]
[White "Goderbauer, Benedikt"]
[Black "Schmitz, Henning"]
[Result "1-0"]
[BlackElo "801"]
[WhiteElo "1492"]

1.e4 c5 2.Nc3 e6 3.f4 d5 4.e5 f6 5.exf6 Nxf6 6.Nf3 Nc6 7.Bb5 Bd6 8.Ne5 Bxe5 9.fxe5
Ng8 10.O-O Nge7 11.Qf3 Nf5 12.g4 Nfd4 13.Qf7#   1-0

[Event "Obb. Jugend-EM 2011 U12"]
[Site "Mühldorf am Inn"]
[Date "2011.03.13"]
[Round "5"]
[White "Schumann, Oliver"]
[Black "von Schlippe, Nikolai"]
[Result "1-0"]
[BlackElo "1291"]
[WhiteElo "1037"]

1.e4 c5 2.Nc3 d6 3.Nf3 Nc6 4.d3 Nf6 5.Be2 g6 6.O-O Bg7 7.Be3 e6 8.Qd2 Ng4 9.Bg5 Qb6
10.Rab1 O-O 11.h3 Nf6 12.Bh6 Bd7 13.Bxg7 Kxg7 14.Rfe1 Qa5 15.a3 Nd4 16.Qe3 Nxc2 17.Qd2
Nxe1 18.Rxe1 Bc6 19.e5 dxe5 20.Nxe5 Qc7 21.Bg4 Nxg4 $4 22.Nxg4 Rad8 23.Qh6+ Kh8 24.Nf6
Qh2+ 25.Kxh2 Rg8 26.Qxh7#   1-0

[Event "Obb. Jugend-EM 2011 U12"]
[Site "Mühldorf am Inn"]
[Date "2011.03.13"]
[Round "5"]
[White "Boos, Michael"]
[Black "Müller, Fabian"]
[Result "0-1"]
[BlackElo "964"]
[WhiteElo "903"]

1.e4 e5 2.Nf3 Nc6 3.Nc3 Nf6 4.Bc4 Bb4 5.O-O d6 6.d3 h6 7.h3 a6 8.Bd2 Be6 9.Bb3 Bd7
10.a3 Ba5 11.Bc4 Nh5 12.Nh2 Nf4 13.Qf3 Qg5 14.Rfe1 Nd4 15.Qg3 Nxc2 16.Bxf4 exf4 17.Qf3
Nxa1 18.Rxa1 Bxc3 19.bxc3 Be6 20.Rd1 Bxc4 21.dxc4 O-O-O 22.Rd5 Qf6 23.Ng4 Qe6 24.Qxf4
c6 25.Rd2 Qxc4 26.Qe3 Qc5 27.Qf3 Rhf8 28.a4 d5 29.Qf5+ Kb8 30.Qf4+ Ka7 31.exd5 Rxd5
32.Re2 Rd1+ 33.Kh2 Qd6 34.Qxd6 Rxd6 35.Ne5 Re6 36.f4 f6 37.Ng6 Rxe2 38.Nxf8 Rc2 39.Ne6
Rxc3 40.Nxg7 Rc4 41.Nf5 Rxf4 42.Nxh6 Rxa4 43.Nf5 Rf4 44.g4 a5 45.Kg3 Re4 46.Kf3 Re8
47.Nd6 Rh8 48.Kg3 a4 49.Nc4 b5 50.Nd2 a3 51.Nb3 a2 52.h4 Kb6 53.h5 c5 54.Kf4 c4 55.Na1
Rh6 56.g5 fxg5+ 57.Kxg5 Rh8 58.h6 b4 59.Nc2 b3 60.Nd4 a1=Q 61.Ne6 Rxh6 62.Kxh6 Qf6+
63.Kh5 Qxe6 64.Kg5 Qf7 65.Kg4 Kc6 66.Kg3 b2 67.Kg4 b1=R 68.Kg3 Rb8 69.Kg2 Rg8+ 70.Kh2
Qh5#   0-1

[Event "Obb. Jugend-EM 2011 U12"]
[Site "Mühldorf am Inn"]
[Date "2011.03.13"]
[Round "5"]
[White "von Schlippe, Wassily"]
[Black "Lörner, Robert"]
[Result "1-0"]
[BlackElo "940"]
[WhiteElo "1011"]

1.e4 e5 2.Nf3 Nc6 3.Bb5 a6 4.Ba4 b5 5.Bb3 Bc5 6.O-O Nf6 7.Re1 O-O 8.c3 d6 9.d4 Bb6
10.h3 h6 11.Nbd2 exd4 12.Bd5 dxc3 13.Nc4 Nxd5 14.Qxd5 bxc4 15.Qxc6 cxb2 16.Bxb2 Be6
17.Nd4 a5 18.Nxe6 fxe6 19.Re2 c3 20.Qxc3 Rf7 21.Rd1 Qf8 22.Qg3 e5 23.Bc1 Rf6 24.Be3
Rb8 25.Rb1 Bxe3 26.Rxb8 Qxb8 27.Qxe3 Qb6 28.Qxb6 cxb6 29.Rb2 Kf7 30.Rxb6 Ke6 31.Rb5
Rf4 32.f3 a4 33.Ra5 Kf6 34.Rxa4 Kg5 35.Kf2 Kh4 36.Ra7 g5 37.a4 h5 38.Rb7 g4 39.g3+
Kg5 40.gxf4+ Kxf4 41.fxg4 hxg4 42.hxg4 Kxe4 43.a5 d5 44.a6 d4 45.a7 d3 46.a8=Q d2
47.Rd7+ Kf4 48.Rf7+ Kg5 49.Qg8+ Kh4 50.Qd8+ Kh3 51.Rf3+ Kh2 52.Qh4#   1-0